00552nam a22001457a 4500003000400000005001700004008004100021040001400062100006200076245009500138260000900233300003000242500010800272504002600380OSt20171010095447.0120615t xxu||||| |||| 00| 0 eng d aMMSUcULS aBugarin, Joseph A., Marumi, Lovely P., Reyes, Romelyn F.  aCoin-operated cellphone autoloader cJoseph A. Bugarin, Lovely P. Marumi, Romelyn F. Reyes c2007 axi, [95] leaves c28 cm.  aThesis (BS Computer Engineering) -- Mariano Marcos State University-College of Engineering, Batac City  aBibliography: leaf 51